| 000 | 00390nam a2200169Ia 4500 | ||
|---|---|---|---|
| 100 | _aSingh/Ajay Kumar | ||
| 650 | _aDevices and circuits | ||
| 250 | _a2 | ||
| 942 | _cBK | ||
| 366 | _f25 | ||
| 245 | _aElectronic devices and Integrated Circuits | ||
| 260 |
_bPrentice -Hall of India _c2011 |
||
| 082 |
_a621.381 _bSIN |
||
| 300 | _a594 | ||
| 546 |
_aENGLISH _cPAMPHALETS |
||
| 999 |
_c35135 _d35135 |
||